Bài tập vật lí lí thuyết; T2 Cơ học lượng tử và vật lí thống kê
Gardado en:
| Autor Principal: | |
|---|---|
| Formato: | Libro |
| Idioma: | Undetermined |
| Publicado: |
Hà Nội
ĐHQG
1996
|
| Những chủ đề: | |
| Các nhãn: |
Engadir etiqueta
Sen Etiquetas, Sexa o primeiro en etiquetar este rexistro!
|
| Thư viện lưu trữ: | Trung tâm Học liệu Trường Đại học Cần Thơ |
|---|
| LEADER | 00648nam a2200205Ia 4500 | ||
|---|---|---|---|
| 001 | CTU_41974 | ||
| 008 | 210402s9999 xx 000 0 und d | ||
| 020 | |b 28.200đ | ||
| 082 | |a 530.1076 | ||
| 082 | |b M312/T2/1996 | ||
| 100 | |a Nguyễn Hữu Mình | ||
| 245 | 0 | |a Bài tập vật lí lí thuyết; T2 | |
| 245 | 0 | |b Cơ học lượng tử và vật lí thống kê | |
| 245 | 0 | |c Nguyễn Hữu Mình | |
| 260 | |a Hà Nội | ||
| 260 | |b ĐHQG | ||
| 260 | |c 1996 | ||
| 650 | |a quantum theory - problems, exercises, etc | ||
| 904 | |i Minh, 010625 | ||
| 980 | |a Trung tâm Học liệu Trường Đại học Cần Thơ | ||